1527 1220 1331 1103 1996 1001 1126 1596 1866 1311 1210 1849 1265 1707 1524 1439 1402 1358 1577 1647 1661 1315 1529 1868 1191 1740 1312 1596 1765 1336 1194 1340 1435 1330 1161 1585 1626 1610 1811 1550 1657 1403 1878 1546 1302 1931 1658 1093 1971 1104 1401 1954 1589 1182 1041 1401 1021 1667 1804 1540 1095 1602 1743 1847 1119 1845 1641 1548 1362 1630 1463 1102 1835 1382 1983 1744 1393 1833 1041 1850 1631 1682 1492 1502 1961 1258 1162 1908 1129 1636 1211 1191 1726 1741 1703 1929 1284 1605 1841 BCNSPRNW ULIB Ver.6.0+V

เปลี่ยนเป็นภาษาไทย

Change to English
 แสดงรายละเอียดบรรณานุกรม
  กลับหน้าหลัก

Brief Record : Get Marc (ISO 2709) : E-mail record : QR code < ปิดหน้าต่าง
LEADER : 00000nam 2200000uu 4500
001    13399123734
003     ULIB
008    141125s2556||||th 000 0 tha d
020    ^a9786161116477
060    ^aWB115^bว896
100 0  ^aประเสริฐ ธนกิจจารุ,^eบรรณาธิการ
245 00 ^aเวชปฏิบัติทันยุคทางอายุรศาสตร์ =^bCurrent clinical practice in medicine /^cบรรณาธิการ ประเสริฐ ธนกิจจารุ
246 30 ^aCurrent clinical practice in medicine
250    ^aพิมพ์ครั้งที่ 1
260    ^aกรุงเทพฯ :^bกรุงเทพเวชสาร,^c2556.
300    ^a394 หน้า :^bภาพประกอบ
650  7 ^aอายุรศาสตร์^xรวมเรื่อง
710 1  ^aโรงพยาบาลราชวิถี
710 1  ^aมหาวิทยาลัยรังสิต. ^bวิทยาลัยแพทย์ศาสตร์
945    ^p800^l0^i037026
945    ^p800^l0^i037027
945    ^p800^l0^i037028
945    ^p800^l0^i037029
945    ^p800^l0^i037030
945    ^p800^l0^i037031
945    ^p800^l0^i037032
945    ^p800^l0^i037033
999    ^aเกษร โพธิ์สุวรรณ
รายการนี้ยังไม่มีแท็ก
คุณยังไม่ได้ล็อกอิน คุณสามารถมีกิจกรรมร่วมกับเว็บไซต์ได้ แต่ต้องล็อกอินก่อน ::
  ล็อกอิน

รายการสื่อสารสนเทศ

ลำดับที่ ประเภท เลขเรียก/บาร์โค้ด สถานที่ สถานะ
1. วิทยาศาสตร์การแพทย์ และสุขภาพ
หนังสือสำรอง
สถานะ=หนังสือสำรอง
WB115 ว896 ฉ.1 
  Barcode: 037026
ห้องสมุดวิทยาเขตสวรรค์ประชารักษ์
►ส่วนจัดเก็บหนังสือเก่า สปร
บนชั้น
  ขอยืม
2. วิทยาศาสตร์การแพทย์ และสุขภาพ
วิทยาศาสตร์การแพทย์ และสุขภาพ
WB115 ว896 ฉ.2 
  Barcode: 037027
ห้องสมุดวิทยาเขตสวรรค์ประชารักษ์
►ส่วนจัดเก็บหนังสือเก่า สปร
บนชั้น
  ขอยืม
3. วิทยาศาสตร์การแพทย์ และสุขภาพ
วิทยาศาสตร์การแพทย์ และสุขภาพ
WB115 ว896 ฉ.3 
  Barcode: 037028
ห้องสมุดวิทยาเขตสวรรค์ประชารักษ์
►ส่วนจัดเก็บหนังสือเก่า สปร
บนชั้น
  ขอยืม
4. วิทยาศาสตร์การแพทย์ และสุขภาพ
วิทยาศาสตร์การแพทย์ และสุขภาพ
WB115 ว896 ฉ.4 
  Barcode: 037029
ห้องสมุดวิทยาเขตสวรรค์ประชารักษ์
►ส่วนจัดเก็บหนังสือเก่า สปร
บนชั้น
  ขอยืม
5. วิทยาศาสตร์การแพทย์ และสุขภาพ
วิทยาศาสตร์การแพทย์ และสุขภาพ
WB115 ว896 ฉ.5 
  Barcode: 037030
ห้องสมุดวิทยาเขตสวรรค์ประชารักษ์
►ส่วนจัดเก็บหนังสือเก่า สปร
บนชั้น
  ขอยืม
6. วิทยาศาสตร์การแพทย์ และสุขภาพ
วิทยาศาสตร์การแพทย์ และสุขภาพ
WB115 ว896 ฉ.6 
  Barcode: 037031
ห้องสมุดวิทยาเขตสวรรค์ประชารักษ์
►ส่วนจัดเก็บหนังสือเก่า สปร
บนชั้น
  ขอยืม
7. วิทยาศาสตร์การแพทย์ และสุขภาพ
วิทยาศาสตร์การแพทย์ และสุขภาพ
WB115 ว896 ฉ.7 
  Barcode: 037032
ห้องสมุดวิทยาเขตสวรรค์ประชารักษ์
►ส่วนจัดเก็บหนังสือเก่า สปร
บนชั้น
  ขอยืม
8. วิทยาศาสตร์การแพทย์ และสุขภาพ
วิทยาศาสตร์การแพทย์ และสุขภาพ
WB115 ว896 ฉ.8 
  Barcode: 037033
ห้องสมุดวิทยาเขตสวรรค์ประชารักษ์
►ส่วนจัดเก็บหนังสือเก่า สปร
บนชั้น
  ขอยืม

BibComment


ยังไม่เคยถูกคอมเมนท์

คอมเมนท์ทรัพยากรรายการนี้
  คอมเมนท์: เวชปฏิบัติทันยุค..


 Copyright 2026. Bcnsprnw @Library